| 000 | 01283nam1a2200337 i 4500 | ||
|---|---|---|---|
| 001 | RU\NLR\bibl\1061395 | ||
| 005 | 20240726040423.0 | ||
| 035 | _a(NLR Aleph) 001048662 | ||
| 090 |
_a864456 _c864456 |
||
| 100 | _a20070320g2006 u y0rusy50 ca | ||
| 101 | 0 | _arus | |
| 102 | _aRU | ||
| 105 | _a||||z ||||| | ||
| 200 | 1 |
_aВ потоке любви _f[Валентина Кардакова] |
|
| 210 |
_aСерпухов _c[б.и.] _d2006 |
||
| 215 | _d21 | ||
| 300 | _aЗагл. обл.: Возрождение сонета | ||
| 300 | _aНа тит.л. авт. не указан | ||
| 300 | _aПоследующие вып. дан. изд. вышли под загл. "Возрождение сонета" без указания на номер. сочинения | ||
| 463 | 0 | _10011040603 | |
| 463 | 0 | _10011040616 | |
| 512 | 0 |
_6z77790 _aВозрождение сонета |
|
| 686 | _aШ6(2=Р)75-53 | ||
| 700 | 1 |
_aКардакова _bВ. В. _f1929- _gВалентина Васильевна _4070 |
|
| 790 | 1 |
_6z77512 _aКардакова _bВ. В. _f1929- _gВалентина Васильевна _4070 |
|
| 801 | 0 |
_aRU _bNLR _c20070320 _gRCR |
|
| 801 | 1 |
_aRU _bNLR _c20070320 |
|
| 852 |
_aNLR _j2007-3/3267 |
||
| 942 | _cBOOK | ||